00656nam a22001811 4500001000700000003000900007005001700016007000300033008004100036016001800077040002100095100004100116245018600157260005000343300002900393700002700422852002500449114571ES-MaACL20230906190206.0t|070309s1905 sp ||||0| spa d7 zIND9600735202 aM-BN bspa cCDM1 aQuintanilla y Fábregas, Guillermo.10aCartilla agrícola para la enseñanza de la agricultura en las escuelas de las provincias de Madrid, Guadalajara, Toledo y Cuenca / cGuillermo Quintanilla y José Vicente-Arche. aMadrid : bHijos de M.G. Hernández, c1905. a94 p. : bil. ; c19 cm.1 aArche, José Vicente. aES-MaACLjT-1248-F-2